Municipi amb més població A-Z (Catalunya) - Statistics

General Stats
  • This quiz has been taken 160 times
  • The average score is 15 of 22
Answer Stats
Inicial Resposta Habitants % Correct
B Barcelona 1664182
100%
G Girona 103369
98%
H Hospitalet de Llobregat, l' 269382
98%
T Terrassa 223627
97%
S Sabadell 216520
96%
L Lleida 140403
93%
M Mataró 129661
90%
R Reus 106168
88%
I Igualada 40742
77%
F Figueres 47235
76%
C Cornellà de Llobregat 89936
73%
V Vilanova i la Geltrú 67733
72%
O Olot 35926
67%
A Amposta 21115
60%
X Xerta 1154
57%
E Esplugues de Llobregat 47150
54%
P Prat de Llobregat, el 65385
34%
J Juneda 3501
32%
U Ulldecona 6525
30%
Q Quart 3798
25%
D Deltebre 11578
24%
N Navarcles 6057
17%
No matching quizzes found
Score Distribution
Percent of People with Each Score
Percentile by Number Answered
Your Score History
You have not taken this quiz